000
00332nam a2200133Ia 4500
008
100328s9999 xx 000 0 und d
082
_b
31394
100
_a
जोगळेकर योगिनी
245
_a
दसरा
260
_b
मेघदूत
630
_a
दसरा
730
_a
दसरा
942
_c
BOOK
999
_c
522309
_d
522306